| 000 | 00634nam a22002177a 4500 | ||
|---|---|---|---|
| 005 | 20170124105912.0 | ||
| 010 | _aB-081871 | ||
| 020 |
_c00.00 _a8787347733 |
||
| 035 | _aB-081871 | ||
| 037 | _bCen Lib/Ret | ||
| 040 |
_aDPL _bEN |
||
| 082 |
_a158.1 _bHUB |
||
| 100 |
_aHubbard, L. Ron _9107232 |
||
| 245 |
_aScientology : _cby L. Ron Hubbard _bbook of basic / |
||
| 260 |
_aDenmark _b New Era Publications International _c1983 |
||
| 270 |
_bDenmark _aStore kongengade |
||
| 300 |
_a152p. _c20cm(Hb) |
||
| 650 |
_aScientology _y _9762 |
||
| 650 |
_aSpritual technology _9763 |
||
| 942 |
_2ddc _cEN _h158.1 _mHUB |
||
| 999 |
_c122565 _d122565 |
||